Drużyny które wygrały Majora w CS:GO i CS2 - Statystyki

Ogólne statystyki
  • Ten quiz został rozwiązany 140 razy
  • Średni wynik to 19 z 23
Statystyki odpowiedzi
Wydarzenie Zwycięzca % Poprawnych
EMS One Katowice 2014 Virtus.Pro
100%
PGL Stockholm 2021 Natus Vincere
94%
PGL Copenhagen 2024 Natus Vincere
94%
BLAST.tv Paris 2023 Vitality
94%
BLAST.tv Austin 2025 Vitality
94%
StarLadder Budapest 2025 Vitality
94%
PGL Antwerp 2022 FaZe
92%
ELEAGUE Atlanta 2017 Astralis
90%
FACEIT London 2018 Astralis
90%
IEM Katowice 2019 Astralis
90%
StarLadder Berlin 2019 Astralis
90%
DreamHack Winter 2013 Fnatic
89%
ESL One Katowice 2015 Fnatic
89%
ESL One Cologne 2015 Fnatic
89%
ESL One Cologne 2014 Ninjas in Pyjamas
88%
Perfect World Shanghai 2024 Team Spirit
85%
ELEAGUE Boston 2018 Cloud9
71%
PGL Kraków 2017 Gambit
69%
IEM Rio 2022 Outsiders
65%
ESL One Cologne 2016 SK Gaming
61%
MLG Columbus 2016 Luminosity
57%
DreamHack Winter 2014 LDLC
53%
DreamHack Cluj-Napoca 2015 EnVyUs
51%
Nie znaleziono quizów pasujących do podanych kryteriów
Rozkład punktacji
Procent ludzi z każdym wynikiem
Percentyl według liczby udzielonych odpowiedzi
Twoja historia wyników
Nie rozwiązałeś tego quizu